| 000 | 01900nam a2200589 i 4500 | ||
|---|---|---|---|
| 001 | 37154 | ||
| 003 | KOSZ 005 | ||
| 005 | 20230127130114.0 | ||
| 008 | 980702s1995 pl a f |001 0 pol | ||
| 015 | _aUWD 1996/4519 | ||
| 020 | _a832041878X | ||
| 035 | _a991003996459705066 | ||
| 035 | _a(PL-WaBN)b11063154-48omnis_nlop | ||
| 035 | _ab11063154 | ||
| 035 | _a(OCoLC)750740270 | ||
| 035 | _axx001619702 | ||
| 035 | _a(PL)b0000001106315 | ||
| 035 | _a(EXLNZ-48OMNIS_NETWORK)9910228630305606 | ||
| 040 |
_aWA N _cWA N _dKOSZ 005/HR |
||
| 046 | _k1995 | ||
| 080 | _a66.01/.09 | ||
| 080 | _a541.12 | ||
| 080 | _a519.61/.65 | ||
| 080 | _a(075.8) | ||
| 100 | 1 |
_aZarzycki, Roman _d(1940- ) _eAutor |
|
| 245 | 1 | 0 |
_aAbsorpcja i absorbery / _cRoman Zarzycki, Andrzej Chacuk, Maciej Starzak. |
| 250 | _aWyd. 2 uaktual. | ||
| 260 |
_aWarszawa : _bWydawnictwa Naukowo-Techniczne, _c1995. |
||
| 300 |
_a399, [3] s. : _brys., wykr. ; _c24 cm. |
||
| 336 |
_aTekst _btxt _2rdacontent |
||
| 337 |
_aBez urządzenia pośredniczącego _bn _2rdamedia |
||
| 338 |
_aWolumin _bnc _2rdacarrier |
||
| 380 | _aKsiążki | ||
| 388 | _a1901-2000 | ||
| 388 | _a1989-2000 | ||
| 490 | 1 | _aInżynieria Chemiczna | |
| 504 | _aBibliogr. przy rozdz. Indeks. | ||
| 650 | 7 |
_aAbsorpcja _2DBN |
|
| 650 | 7 |
_aAnaliza numeryczna _2DBN |
|
| 650 | 7 |
_aTechnologia chemiczna _2DBN |
|
| 650 | 7 | _aUrządzenia | |
| 655 | 7 |
_aPodręczniki akademickie _2DBN |
|
| 658 | _aChemia | ||
| 658 | _aInżynieria i technika | ||
| 700 | 1 |
_aChacuk, Andrzej _eAutor |
|
| 700 | 1 |
_aStarzak, Maciej _eAutor |
|
| 710 | 2 |
_aWydawnictwa Naukowo-Techniczne _4pbl |
|
| 830 | 0 | _aInżynieria Chemiczna | |
| 856 |
_uhttp://koha.tu.koszalin.pl/cgi-bin/koha/opac-detail.pl?biblionumber=37154 _yKatalog online BPK |
||
| 942 |
_2UKD _cKS |
||
| 999 |
_c37154 _d37154 |
||